| 000 | 00537na a2200205 4500 | ||
|---|---|---|---|
| 001 | 18700 | ||
| 003 | MIRAKIL | ||
| 005 | 20181213155018.0 | ||
| 008 | 161124b tu 000 0 | ||
| 040 |
_aMilas _btur _cTR-AnCHP |
||
| 041 | _atur | ||
| 082 |
_a004.67026 _bİ57 2003 |
||
| 090 | _a004.67026 İ57 2003 | ||
| 245 |
_aİnternet ve hukuk _cSuper Online |
||
| 260 |
_a[y.y.] _bSuper Online _c2003 |
||
| 300 |
_a51 s. _c25 sm. |
||
| 650 |
_aVeri işleme _xİnternet _yHukuk ve mevuzat |
||
| 710 | _aSuper Online | ||
| 942 |
_2ddc _cBKS |
||
| 999 |
_c4774 _d4774 |
||